|
|
|
|
| LEADER |
00896ncm a22002172a 4500 |
| 001 |
000398794 |
| 003 |
CZ BrMZK |
| 005 |
20120411130146.0 |
| 007 |
qu |
| 008 |
920101s1981 xr f cze d |
| 040 |
|
|
|a BOA001
|b cze
|
| 072 |
|
7 |
|a 784
|x Vokální hudba
|2 Konspekt
|9 9
|
| 100 |
1 |
|
|a Sedláček, Bohuslav,
|d 1928-2013
|7 ola2001100303
|4 cmp
|
| 245 |
1 |
0 |
|a Vonička z kvítí milostného
|h [hudebnina] :
|b cyklus písní na texty moravské lidové poezie : zpěv a klavír /
|c Bohuslav Sedláček
|
| 260 |
|
|
|a Praha :
|b Panton,
|c 1981
|
| 300 |
|
|
|a 19 s.
|
| 910 |
|
|
|a BOA001
|b PK-N-0021.170
|b Mus4-0837.020
|
| 964 |
|
|
|a Písně lidové moravské - doprovody klavírní - sbírky
|
| 990 |
|
|
|a MU
|
| 996 |
7 |
|
|b 2619070203
|c Mus4-0837.020
|l MZK
|r Sklad / do 1 hodiny
|n 1
|w 000398794
|u 000020
|a 1
|e BOA001
|j MZK50
|s A
|
| 996 |
7 |
|
|b 3119819323
|c PK-N-0021.170
|l MZK
|r Sklad / do 1 hodiny
|n 0
|w 000398794
|u 000010
|a 1
|e BOA001
|j MZK50
|s A
|